Online
Catalog

Las 48 leyes del poder / (Record no. 42684)

MARC details
000 -CABECERA
campo de control de longitud fija 00627nam a2200193 a 4500
001 - NÚMERO DE CONTROL
campo de control 000043195
005 - FECHA Y HORA DE LA ÚLTIMA TRANSACCIÓN
campo de control 20201002040719.0
008 - DATOS DE LONGITUD FIJA--INFORMACIÓN GENERAL
campo de control de longitud fija 140224s2008 ag 000 0 spa d
020 ## - NÚMERO INTERNACIONAL ESTÁNDAR DEL LIBRO
Número Internacional Estándar del Libro 9789500826037
040 ## - FUENTE DE LA CATALOGACIÓN
Centro catalogador/agencia de origen DO-SdBNP
Lengua de catalogación spa
Centro/agencia transcriptor BNPHU
041 17 - CÓDIGO DE LENGUA
Código de lengua del texto/banda sonora o título independiente spa
Código de lengua original eng
100 1# - ENTRADA PRINCIPAL--NOMBRE DE PERSONA
Nombre de persona Greene, Robert.
9 (RLIN) 70788
245 14 - MENCIÓN DE TÍTULO
Título Las 48 leyes del poder /
Mención de responsabilidad, etc. Robert Greene ; traducción de Ana Bustelo y César Vidal.
260 ## - PUBLICACIÓN, DISTRIBUCIÓN, ETC.
Lugar de publicación, distribución, etc. Buenos Aires :
Nombre del editor, distribuidor, etc. Atlántida,
Fecha de publicación, distribución, etc. 2008.
Nombre del editor, distribuidor, etc. il.,.
300 ## - DESCRIPCIÓN FÍSICA
Extensión 213 p. ;
Dimensiones 19 cm.
700 1# - PUNTO DE ACCESO ADICIONAL--NOMBRE DE PERSONA
Nombre de persona Elffers, Joost,
Término indicativo de función/relación ed.
9 (RLIN) 70789
700 1# - PUNTO DE ACCESO ADICIONAL--NOMBRE DE PERSONA
Nombre de persona Bustelo, Ana
Término indicativo de función/relación tr.
9 (RLIN) 70790
700 1# - PUNTO DE ACCESO ADICIONAL--NOMBRE DE PERSONA
Nombre de persona Vidal Manzanares, César
Fechas asociadas al nombre 1958-
Término indicativo de función/relación tr.
9 (RLIN) 46846
Holdings
Estado de retiro Estado de pérdida Restricciones de uso No para préstamo Código de colección Localización permanente Ubicación/localización actual Ubicación en estantería Fecha de adquisición Número de inventario Total de préstamos Signatura topográfica completa Código de barras Fecha visto por última vez Precio válido a partir de Tipo de ítem Koha
      Excluido de préstamo Monografías: Libros y Folletos General General En catalogación 24.02.2014 LF1   43195-10 25.06.2020 25.06.2020 No se presta

Powered by Koha